header

American ways (Record no. 249546)

MARC details
000 -LEADER
fixed length control field 01516nam a2200373Ia 4500
100 1# - MAIN ENTRY--AUTHOR NAME
Personal name Althen, Gary.
245 10 - TITLE STATEMENT
Title American ways
250 ## - EDITION STATEMENT
Edition statement 3rd ed.
260 ## - PUBLICATION, DISTRIBUTION, ETC. (IMPRINT)
Place of publication Boston :
Name of publisher Intercultural Press,
Year of publication 2011.
300 ## - PHYSICAL DESCRIPTION
Number of Pages xxix, 279 p.
650 #0 - SUBJECT ADDED ENTRY--TOPICAL TERM
Topical Term Aliens
Topical Term Intercultural communication
Topical Term Visitors, Foreign
700 1# - ADDED ENTRY--PERSONAL NAME
Personal name Bennett, Janet.
856 40 - ELECTRONIC LOCATION AND ACCESS
Uniform Resource Identifier http://site.ebrary.com/lib/rucke/Doc?id=10451131

No items available.

© 2026 Rongo University
Contact us: librarian | system librarian | Rongo university